[Event "Bad Woerishofen op 28th"]
[Site "Bad Woerishofen"]
[Date "2012.03.07"]
[Round "6"]
[White "Reitz, Rolf"]
[Black "Walda, Michael"]
[Result "1-0"]
[WhiteElo "2118"]
[BlackElo "1965"]
[PlyCount "63"]
[EventDate "2012.03.02"]
[EventType "swiss"]
[EventRounds "9"]
[EventCountry "GER"]
[SourceTitle "EXT 2019"]
[Source "ChessBase"]
[SourceDate "2018.10.10"]
[SourceVersion "1"]
[SourceVersionDate "2018.10.10"]
[SourceQuality "1"]

1. d4 Nf6 2. Nf3 e6 3. c4 d5 4. Nc3 c5 5. e3 Nc6 6. a3 b6 7. cxd5 exd5 8. Bb5 Qd6 9. 0-0 Bd7 10. dxc5 bxc5 11. Qa4 Be7 12. Rd1 0-0 13. Nxd5 Nxd5 14. e4 Nb6 15. Rxd6 Nxa4 16. Rxd7 Nb6 17. Rc7 Rad8 18. Bf4 Bf6 19. e5 Nd4 20. exf6 Nxb5 21. fxg7 Rfe8 22. Rxc5 Nd5 23. Bg5 f6 24. Bxf6 Nxf6 25. Rxb5 Re2 26. Kf1 Rc2 27. Rb4 Kxg7 28. Re1 a5 29. Rb7+ Kg6 30. h3 h5 31. g3 Rd6 32. Nh4+ 1-0

[Event "Bad Woerishofen op 28th"]
[Site "Bad Woerishofen"]
[Date "2012.03.02"]
[Round "1"]
[White "Steinhart, Matthias"]
[Black "Reitz, Rolf"]
[Result "0-1"]
[WhiteElo "1780"]
[BlackElo "2118"]
[PlyCount "48"]
[EventDate "2012.03.02"]
[EventType "swiss"]
[EventRounds "9"]
[EventCountry "GER"]
[SourceTitle "EXT 2019"]
[Source "ChessBase"]
[SourceDate "2018.10.10"]
[SourceVersion "1"]
[SourceVersionDate "2018.10.10"]
[SourceQuality "1"]

1. e4 e5 2. Nf3 Nc6 3. Bb5 f5 4. Nc3 Nf6 5. Qe2 d6 6. exf5 Qe7 7. d4 Bd7 8. Bxc6 Bxc6 9. dxe5 dxe5 10. 0-0 e4 11. Nd4 Bd7 12. Bg5 0-0-0 13. Nd5 Qe5 14. Nxf6 gxf6 15. Be3 Bd6 16. g3 h5 17. Nb3 Rdg8 18. f4 Qe8 19. a4 h4 20. a5 h3 21. Kh1 a6 22. Nd4 c5 23. Rg1 cxd4 24. Bxd4 e3 0-1

[Event "Bayern-chI Bank Hofmann 14th"]
[Site "Bad Wiessee"]
[Date "2010.11.01"]
[Round "4"]
[White "Reitz, Rolf"]
[Black "Rasch, Holger"]
[Result "0-1"]
[WhiteElo "2122"]
[BlackElo "2279"]
[PlyCount "56"]
[EventDate "2010.10.30"]
[EventType "swiss"]
[EventRounds "9"]
[EventCountry "GER"]
[SourceTitle "EXT 2011"]
[Source "ChessBase"]
[SourceDate "2010.11.26"]
[SourceVersion "1"]
[SourceVersionDate "2010.11.26"]
[SourceQuality "1"]

1. d4 Nf6 2. Nf3 e6 3. g3 b5 4. Bg2 d5 5. a4 b4 6. c4 bxc3 7. bxc3 Nbd7 8. 0-0 c5 9. c4 Bb7 10. cxd5 exd5 11. dxc5 Bxc5 12. Ba3 0-0 13. Nc3 Rc8 14. Bxc5 Nxc5 15. Bh3 Ne6 16. Nb5 a6 17. Nbd4 Nxd4 18. Nxd4 Rc4 19. e3 Ne4 20. Re1 Ng5 21. Bf1 Qf6 22. Bg2 Bc8 23. Qe2 Re8 24. Rec1 Qxd4 25. Rd1 Qf6 26. Bxd5 Bg4 27. f3 Bxf3 28. Bxf3 Qxf3 0-1

[Event "Bayern-chI Bank Hofmann 14th"]
[Site "Bad Wiessee"]
[Date "2010.10.31"]
[Round "2"]
[White "Reitz, Rolf"]
[Black "Meister, Peter"]
[Result "0-1"]
[WhiteElo "2122"]
[BlackElo "2446"]
[PlyCount "80"]
[EventDate "2010.10.30"]
[EventType "swiss"]
[EventRounds "9"]
[EventCountry "GER"]
[SourceTitle "EXT 2011"]
[Source "ChessBase"]
[SourceDate "2010.11.26"]
[SourceVersion "1"]
[SourceVersionDate "2010.11.26"]
[SourceQuality "1"]

1. d4 g6 2. Nf3 Bg7 3. g3 d5 4. Bg2 Nh6 5. 0-0 Nf5 6. c4 dxc4 7. d5 Nd6 8. Nc3 0-0 9. Nd4 e5 10. dxe6 fxe6 11. Be3 Bd7 12. Qd2 Qe8 13. Rad1 Rf7 14. Ne4 Nxe4 15. Bxe4 c5 16. Nf3 Ba4 17. b3 c3 18. Qc2 Bc6 19. Bxc5 Na6 20. Ba3 Rc8 21. Ng5 Rfc7 22. Bd3 b5 23. e4 Bf6 24. Nf3 Be7 25. Bxe7 Qxe7 26. a3 Qf6 27. Nd4 Qxd4 28. Bxb5 Qb6 29. Bc4 Ba4 30. Qxc3 Bxb3 31. Qxb3 Rxc4 32. Qd3 Rc2 33. Qd7 R2c7 34. Qd2 Nc5 35. Qf4 Rf7 36. Qe5 Qc7 37. Qd4 Rd7 38. Qc4 Rd6 39. Rc1 Rc6 40. Rfd1 Nxe4 0-1

[Event "Bad Woerishofen op 25th"]
[Site "Bad Woerishofen"]
[Date "2009.03.05"]
[Round "1"]
[White "Reitz, Rolf"]
[Black "Frijling, Jeroen"]
[Result "1-0"]
[WhiteElo "2163"]
[BlackElo "1823"]
[PlyCount "47"]
[EventDate "2009.03.05"]
[EventType "swiss"]
[EventRounds "9"]
[EventCountry "GER"]
[SourceTitle "CBM 129 Extra"]
[Source "ChessBase"]
[SourceDate "2009.05.05"]
[SourceVersion "2"]
[SourceVersionDate "2009.05.20"]
[SourceQuality "1"]

1. d4 Nf6 2. Nf3 d5 3. c4 c6 4. Nc3 dxc4 5. a4 Bf5 6. e3 e6 7. Bxc4 Bb4 8. Bd2 Nbd7 9. 0-0 0-0 10. Qe2 Bg6 11. Rfd1 Qa5 12. h3 e5 13. d5 cxd5 14. Nxd5 Bxd2 15. Ne7+ Kh8 16. Nxg6+ hxg6 17. Qxd2 Qxd2 18. Rxd2 Nb6 19. Bb3 Ne4 20. Rc2 f6 21. Rc7 Rfd8 22. a5 Nd7 23. Ra4 Nec5 24. Rh4# 1-0

[Event "Bad Woerishofen op 24th"]
[Site "Bad Woerishofen"]
[Date "2008.03.05"]
[Round "7"]
[White "Reitz, Rolf"]
[Black "Schmidt, Wolfgang2222"]
[Result "1/2-1/2"]
[WhiteElo "1981"]
[BlackElo "1960"]
[PlyCount "62"]
[EventDate "2008.02.28"]
[EventType "swiss"]
[EventRounds "9"]
[EventCountry "GER"]
[SourceTitle "EXT 2022"]
[Source "ChessBase"]
[SourceDate "2021.10.06"]
[SourceVersion "1"]
[SourceVersionDate "2021.10.06"]
[SourceQuality "1"]

1. d4 g6 2. Nf3 Nf6 3. g3 Bg7 4. Bg2 0-0 5. c4 d6 6. 0-0 Nc6 7. Nc3 e5 8. d5 Ne7 9. e4 Ne8 10. Ne1 f5 11. f4 exf4 12. Bxf4 Nf6 13. e5 dxe5 14. Bxe5 Nh5 15. Bxg7 Kxg7 16. Nd3 Ng8 17. Qd2 Qf6 18. Nf4 Nxf4 19. Qxf4 Qb6+ 20. Qf2 Bd7 21. Rfe1 Rae8 22. Qxb6 axb6 23. d6 cxd6 24. Bxb7 Nf6 25. Red1 Ne4 26. Nxe4 fxe4 27. Rxd6 Bh3 28. Re1 e3 29. Rd3 Re7 30. Bg2 Bxg2 31. Kxg2 Rf2+ 1/2-1/2

[Event "Bad Woerishofen op 24th"]
[Site "Bad Woerishofen"]
[Date "2008.02.29"]
[Round "2"]
[White "Castellano, Alfonso"]
[Black "Reitz, Rolf"]
[Result "0-1"]
[WhiteElo "1898"]
[BlackElo "1981"]
[PlyCount "42"]
[EventDate "2008.02.28"]
[EventType "swiss"]
[EventRounds "9"]
[EventCountry "GER"]
[SourceTitle "EXT 2022"]
[Source "ChessBase"]
[SourceDate "2021.10.06"]
[SourceVersion "1"]
[SourceVersionDate "2021.10.06"]
[SourceQuality "1"]

1. c4 e6 2. Nc3 Nf6 3. e4 d5 4. e5 Ne4 5. Nxe4 dxe4 6. Qg4 e3 7. fxe3 Nc6 8. Nf3 Nb4 9. Qe4 Bd7 10. d4 Bc6 11. Qb1 Bxf3 12. gxf3 Qh4+ 13. Ke2 c5 14. f4 Qg4+ 15. Ke1 0-0-0 16. Qe4 cxd4 17. Bg2 Nc6 18. Bd2 dxe3 19. Bxe3 Bb4+ 20. Kf1 Bd2 21. Bf3 Qh3+ 0-1